000 00579nam a22002297a 4500
003 UA-OsUOA
001 97572
007 ta
008 20130403b un ||||| |||| 00| 0 ukr d
100 _aНарайан Р.
090 _a821.111
_bН28
942 _cBK
040 _aUA-OsUOA
_brus
_cUA-OsUOA
_dUA-OsUOA
245 _aТигр для Мальгуди
300 _a366 с.
955 _a3
041 _arus
080 _a821.111
260 _aМ.
_bРадуга
_c1986
650 7 _a82 Література. Літературознавство
_2UDC
999 _c383816
_d383816